000 00772nam a2200229Ia 4500
999 _c37322
_d37322
001 3281
003 GE_BSU
005 20221102112117.0
008 181216s1997ru xx |||||||||||||| ||rus||
020 _a586532019Х
040 _cGE_BSU
041 _arus
080 _a336.3 Д-29
100 _aДелягин, М.
_915725
245 _aЭкономика неплаneжей:
_bКак и почему мы будем Жить завтра/
_cМ. Делягин.
260 _aиздание третье переработанное и дополненное
264 _aМосква :
_b,,Оригинал,"
_c1997.
300 _a398 ст.:
653 _aЭкономика неплатежей
653 _aეკონომიკა
942 _cBK
_2udc